000 00620nam a2200181 i 4500
001 149908
003 ES-MaACL
005 20230906203315.0
007 t|
008 071025s1979 sp ||||1| spa d
100 1 _aValladares Roldán, Ricardo.
_9112735
245 1 0 _aHospital provincial de Madrid /
_cRicardo Valladares Roldán ; prólogo Manuel Hidalgo Huerta.
260 _aMadrid :
_bDiputación Provincial,
_c1979.
300 _a170 p. :
_bil. ;
_c24 cm.
700 1 _aHidalgo Huerta, Manuel.
_963594
710 1 _aMadrid (Provincia).
_bDiputación Provincial.
_9134671
852 _aES-MaACL
_jA-10563
_bR.99407
999 _c149908
_d149908